Manual de derecho tributario internacional

Bibliographic Details
Main Author: Montario Galarza, Cšar
Format: eBook
Language:Spanish
Published: Quito: Corporacin̤ Editoria Nacional, 2006
Subjects:
Online Access:Acceso restringido

MARC

LEADER 00000nam a22000007a 4500
005 20141021210538.0
007 cr|||| ||||
008 141021s2006 ec |||||s|||| 00||0 spa d
020 |a 9978-84-405-8 
035 |a 12486 
040 |a vLex 
090 |c 5253  |d 5253 
100 1 |a Montario Galarza, Cšar 
245 1 0 |a Manual de derecho tributario internacional  |h [Recurso electrn̤ico] /  |c Cšar Montario Galarza 
256 |a Servicio en ln̕ea 
260 |a Quito:  |b Corporacin̤ Editoria Nacional,  |c 2006 
300 |a 1 recurso electrn̤ico 
506 1 |a Disponible solo en los productos indicados  |d vLex Global  |d vLex Global (Academic Edition, excluding Law Schools)  |d vLex Global (U.S. Academic Edition, Law Schools)  |d vLex Global (U.S. Academic Edition, excluding Law Schools)  |d vLex Global (Academic Edition, Law Schools) 
650 0 4 |a Derecho Fiscal  |z Ecuador 
650 0 4 |a Derecho Internacional  |z Ecuador 
740 0 |a vLex Libros (Servicio en ln̕ea) 
856 4 0 |u http://vlex.com/source/manual-derecho-tributario-internacional-12486  |z Acceso restringido 
942 |c BOOK 
999 0 |a Tax Law 
999 0 |a International Law